000 01658nam0a22003491 4500
001 rc\4538500
005 20130416182533.3
021 _aRU
_b[63-28834]
035 _a(NLR Aleph) 008634430
090 _a8903063
_c8903063
100 _a20130416d1963 |||y0rusy50 ca
101 1 _arus
_ceng
102 _aRU
105 _aa z |||||
200 1 _aКолориметрические (фотометрические) методы определения неметаллов
_fПер. с англ. З.И. Подгайской
_gПод ред. д-ра хим. наук А.И. Бусева
210 _aМосква
_cИзд-во иностр. лит.
_d1963
215 _a467 с.
_cил.
_d21
300 _aДоп. тит. л.: Colorimetric determination of nonmetals. Ed. David F. Boltz. Authors: Sarah Black, David F. Boltz, W.J. Holland a. o. New York-London, Interscience publ., 1958. (Chemical analysis. A series of monographs on analytical chemistry and its applications. Vol. 8)
300 _aАвт. глав: Д.Ф. Болц, Ч.Г. Льюк, Г.В. Поттер и др.
320 _aБиблиогр. в конце глав
513 0 _aColorimetric determination of nonmetals
606 _aНеметаллы
_xОпределение
_xФотоколориметрический метод
_2psbo
701 1 _aБолц
_bД. Ф.
701 1 _aЛьюк
_bЧ. Г.
701 1 _aПоттер
_bГ. В.
702 1 _aБусев
_bА. И.
_gАлексей Иванович
_4340
702 1 _aПодгайская
_bЗ. И.
_4730
801 0 _aRU
_bNLR
_gpsbo
801 1 _aRU
_bELAR
_2rusmarc
852 _aNLR
_j63-3/2395
942 _cBOOK
980 _aNB